000 00441nam a22001817a 4500
005 20230801102747.0
008 230801b |||||||| |||| 00| 0 eng d
020 _a9781337552127
082 _a657.028
_bDUL-A
100 _aDull,Gelinas
245 _aAccounting information systems
250 _a11th
260 _aUSA
_bCengage
_cc2018
300 _a716 pages
500 _aIncludes Index.
650 _aAccounting(Misc)
999 _c33169
_d33169